Kematian dan pengurusan jenazah

Bibliographic Details
Main Author: Selamat Hashim (Author)
Format: Book
Language:Malay
Published: Skudai, Johor : Penerbit Universiti Teknologi Malaysia 2007
Subjects:

MARC

LEADER 00000cam a2200000 7i4500
001 0000027610
005 20241119.0
008 171003 my a may
020 |a 9789835204367 
040 |a INS   |b eng   |e rda 
090 0 0 |a BP184.9.F8   |b S464 2007 
100 0 |a Selamat Hashim ,   |e author 
245 1 0 |a Kematian dan pengurusan jenazah   |c Selamat Hashim 
264 1 |a Skudai, Johor :   |b Penerbit Universiti Teknologi Malaysia   |c 2007 
300 |a xiii, 240 muka surat :   |b illustrasi ;   |c 23 cm. 
336 |a text  |2 rdacontent 
337 |a unmediated  |2 rdamedia 
338 |a volume  |2 rdacarrier 
500 |a Mengandungi ayat-ayat Al-Quran 
500 |a Mengandungi indeks 
504 |a Bibliografi (ms. 235-236) 
650 0 |a Consolation (Islam) 
650 0 |a Death   |x Religious aspects   |x Islam 
650 0 |a Funeral rites and ceremonies, Islamic 
650 0 |a Islam   |x Customs and practices 
999 |a 1000003061   |b BOOK   |c Open Shelf   |e Default branch 
999 |a 1000003206   |b BOOK   |c Open Shelf   |e Default branch